Теоретическое исследование спектров высокого разрешения молекул типа асимметричного волчка: диссертация на соискание ученой степени кандидата физико-математических наук; спец. 01.04.05

Bibliografiske detaljer
Hovedforfatter: Конов И. А. Иван Александрович
Institution som forfatter: Национальный исследовательский Томский государственный университет (ТГУ)
Andre forfattere: Уленеков О. Н. Олег Николаевич (научный руководитель)
Summary:Заглавие с титульного экрана
Электронная версия печатной публикации
Защита сост. 20.03.2020 г.
Sprog:russisk
Udgivet: Томск, 2019
Fag:
Online adgang:http://earchive.tpu.ru/handle/11683/57224
Format: MixedMaterials Electronisk Bog
KOHA link:https://koha.lib.tpu.ru/cgi-bin/koha/opac-detail.pl?biblionumber=344120

MARC

LEADER 00000nlm0a2200000 4500
001 344120
005 20231220105735.0
035 |a (RuTPU)RU\TPU\book\375285 
035 |a RU\TPU\book\375284 
090 |a 344120 
100 |a 20191225d2019 k y0rusy50 ca 
101 0 |a rus 
102 |a RU 
105 |a a m 000zy 
135 |a drcn ---uucaa 
181 0 |a i  
182 0 |a b 
200 1 |a Теоретическое исследование спектров высокого разрешения молекул типа асимметричного волчка  |e диссертация на соискание ученой степени кандидата физико-математических наук  |e спец. 01.04.05  |f И. А. Конов  |g Национальный исследовательский Томский государственный университет (ТГУ) ; науч. рук. О. Н. Уленеков 
203 |a Текст  |c электронный 
210 |a Томск  |d 2019 
215 |a 1 файл (2 341 КБ) 
300 |a Заглавие с титульного экрана 
300 |a Электронная версия печатной публикации 
300 |a Защита сост. 20.03.2020 г. 
606 1 |a Спектроскопия высокой разрешающей силы  |2 stltpush  |3 (RuTPU)RU\TPU\subj\55793  |9 73757 
610 1 |a электронный ресурс 
610 1 |a диссертации 
610 1 |a теоретические исследования 
610 1 |a спектры высокого разрешения 
610 1 |a молекулы 
610 1 |a спектроскопия 
610 1 |a экспериментальные исследования 
610 1 |a метанолы 
610 1 |a ацетамид 
610 1 |a этилен 
610 1 |a гамильтонианы 
610 1 |a аналитические выражения 
610 1 |a внутреннее вращение 
610 1 |a ассиметричный волчок 
610 1 |a алгоритмы 
610 1 |a программы 
610 1 |a прямые задачи 
610 1 |a обратные задачи 
610 1 |a квантовые числа 
610 1 |a возбужденные состояния 
610 1 |a внутреннее вращение 
610 1 |a ацетамид 
610 1 |a переходы 
610 1 |a математические модели 
610 1 |a прикладные задачи 
675 |a 535.338.3(04)  |v 4 
686 |a 01.04.05  |2 oksvnk 
700 1 |a Конов  |b И. А.  |g Иван Александрович 
702 1 |a Уленеков  |b О. Н.  |c физик  |c профессор Томского политехнического университета, доктор физико-математических наук  |f 1949-  |g Олег Николаевич  |3 (RuTPU)RU\TPU\pers\34330  |4 727  |9 17836 
712 0 2 |a Национальный исследовательский Томский государственный университет (ТГУ)  |c (2009- )  |3 (RuTPU)RU\TPU\col\17230 
801 2 |a RU  |b 63413507  |c 20191225  |g RCR 
856 4 |u http://earchive.tpu.ru/handle/11683/57224 
942 |c CF